Un modelo de comunicación en la educación a distancia : una reflexión edocomunicativa (Record no. 142000)

MARC details
000 -CABECERA
campo de control de longitud fija 00611nab a2200205 a 4500
005 - FECHA Y HORA DE LA ÚLTIMA TRANSACCIÓN
campo de control 20210219160646.0
008 - ELEMENTOS DE LONGITUD FIJA--INFORMACIÓN GENERAL
campo de control de longitud fija 991125s1985 mx 000 0 spa u
035 ## - NÚMERO DE CONTROL DEL SISTEMA
Número de control de sistema UPN01000169894
100 1# - ASIENTO PRINCIPAL--NOMBRE PERSONAL
Nombre de persona Rodríguez Mendoza, Norma Patricia
222 ## - TÍTULO CLAVE
Título clave INNOVACION EDUCATIVA
245 ## - MENCIÓN DE TÍTULO
Título Un modelo de comunicación en la educación a distancia : una reflexión edocomunicativa
260 ## - PUBLICACIÓN, DISTRIBUCIÓN, ETC.
Lugar de publicación, distribución, etc. México
300 ## - DESCRIPCIÓN FÍSICA
Extensión 37-51
362 0# - FECHAS DE PUBLICACIÓN Y/O DESIGNACIÓN SECUENCIAL
Fecha de publicación y/o designación secuencial 2007 Vol. 7, no. 36, ene.-feb.
653 0# - TERMINO DE INDIZACION - NO CONTROLADO
Término no controlado CONSTRUCTIVISMO
653 0# - TERMINO DE INDIZACION - NO CONTROLADO
Término no controlado INTERNET
653 0# - TERMINO DE INDIZACION - NO CONTROLADO
Término no controlado EDUCACION A DISTANCIA
653 0# - TERMINO DE INDIZACION - NO CONTROLADO
Término no controlado NUEVAS TECNOLOGIAS
905 ## - TIPO DE MATERIAL
Tipo de material Articulo

No items available.